CZĘŚCI KOBIECEJ BIŻUTERII: - Statystyki

Ogólne statystyki
  • Ten quiz został rozwiązany 94 razy
  • Średni wynik to 4 z 5
Statystyki odpowiedzi
Odpowiedź % Poprawnych
KOLCZYK
95%
PIERŚCIONEK
93%
NASZYJNIK
91%
BRANSOLETKA
89%
ZEGAREK
29%
Nie znaleziono quizów pasujących do podanych kryteriów
Rozkład punktacji
Procent ludzi z każdym wynikiem
Percentyl według liczby udzielonych odpowiedzi
Twoja historia wyników
Nie rozwiązałeś tego quizu